<?xml version="1.0" encoding="UTF-8"?>
<collection xmlns="http://www.loc.gov/MARC21/slim">
  <record>
    <leader>00000nam  2200000   4500</leader>
    <controlfield tag="001">INLIS000000000014624</controlfield>
    <controlfield tag="005">20220924083147</controlfield>
    <datafield tag="035" ind1="#" ind2="#">
      <subfield code="a">0010-0922001386</subfield>
    </datafield>
    <controlfield tag="001">INLIS000000000014622</controlfield>
    <controlfield tag="005">20220924082115</controlfield>
    <datafield tag="035" ind1="#" ind2="#">
      <subfield code="a">0010-0922001385</subfield>
    </datafield>
    <datafield tag="035" ind1="#" ind2="#">
      <subfield code="a">0010-0922001384</subfield>
    </datafield>
    <datafield tag="245" ind1="1" ind2="#">
      <subfield code="a">Sistem Informasi Gaji Pegawai Aparatur Sipil Negara ( SINGA ASN ) Bidang Perbendaharaan dan Aset Daerah Kabupaten Kutai Timur /</subfield>
      <subfield code="c">AJI SALEHUDIN, SE.,M.E</subfield>
    </datafield>
    <datafield tag="100" ind1="1" ind2="#">
      <subfield code="a">SALEHUDIN, Aji</subfield>
    </datafield>
    <datafield tag="250" ind1="#" ind2="#">
      <subfield code="a">1</subfield>
    </datafield>
    <datafield tag="300" ind1="#" ind2="#">
      <subfield code="a">viii, 29 halaman ; lampiran :</subfield>
      <subfield code="b">ilustrasi ;</subfield>
      <subfield code="c">30 cm</subfield>
    </datafield>
    <datafield tag="260" ind1="#" ind2="#">
      <subfield code="a">Samarinda :</subfield>
      <subfield code="b">Puslatbang KDOD,</subfield>
      <subfield code="c">2021</subfield>
    </datafield>
    <datafield tag="084" ind1="#" ind2="#">
      <subfield code="a">PKA 085 2021</subfield>
    </datafield>
    <datafield tag="650" ind1="#" ind2="4">
      <subfield code="a">Proyek Perubahan</subfield>
    </datafield>
    <datafield tag="650" ind1="#" ind2="4">
      <subfield code="a">Administrator</subfield>
    </datafield>
    <datafield tag="650" ind1="#" ind2="4">
      <subfield code="a">sistem informasi</subfield>
    </datafield>
    <datafield tag="650" ind1="#" ind2="4">
      <subfield code="a">teknologi informasi</subfield>
    </datafield>
    <datafield tag="650" ind1="#" ind2="4">
      <subfield code="a">manajemen database</subfield>
    </datafield>
    <datafield tag="650" ind1="#" ind2="4">
      <subfield code="a">data pegawai</subfield>
    </datafield>
    <datafield tag="650" ind1="#" ind2="4">
      <subfield code="a">data keuangan</subfield>
    </datafield>
    <datafield tag="650" ind1="#" ind2="4">
      <subfield code="a">gaji pegawai</subfield>
    </datafield>
    <datafield tag="520" ind1="#" ind2="#">
      <subfield code="a">Laporan proyek perubahan ini menjelaskan adanya temuan BPK terkait keterlanjutan pembayaran gaji pegawai yang memasuki usia pension dan proses pengajuan pension, serta ASN dan OPD mengalami kesulitan dalam memperoleh informasi perubahan data gaji , KGB, kenaikan pangkat dan tunjangan lain. Inovasi Sistem Informasi Gaji Aparatur Sipil Negara (SINGA ASN) dibuat dengan tujuan membantu system yang sudah ada untuk memudahkan antisipasi gaji berlebih terhadap ASN yang telah mencapai Batas Usia Pensiun dan memberikan kemudahan kepada Aparatur Sipil Negara Daerah Kabupaten Kutai Timur untuk mendapatkan informasi data gaji secara mandiri/organisasi melalui teknologi informasi yang terintegrasi</subfield>
    </datafield>
    <datafield tag="500" ind1="#" ind2="#">
      <subfield code="a">Coach : Veronika Hanna Naibaho&#13;
Penguji : Dr Mariman Darto, M.Si&#13;
Mentor : Dr. Teddy Febrian, S.E., M.Si</subfield>
    </datafield>
    <datafield tag="990" ind1="#" ind2="#">
      <subfield code="a">PKA/085/2021</subfield>
    </datafield>
  </record>
</collection>
